Úloha vedy a výskumu v znalostnej ekonomike bakalárska práca

Salvato in:
Dettagli Bibliografici
Autore principale: Strajňaková, Ivana
Ente Autore: Fakulta medzinárodných vzťahov EU. Katedra medzinárodných ekonomických vzťahov a hospodárskej diplomacie
Altri autori: Balejová, Martina, 1990-
Natura: Libro
Lingua:slovacco
Pubblicazione: Bratislava 2015
Tags: Aggiungi Tag
Nessun Tag, puoi essere il primo ad aggiungerne!!

MARC

LEADER 00000nbm a2200000 4500
001 0202660
005 20161212100305.5
041 0 |a slo 
044 |a SK 
245 1 0 |a Úloha vedy a výskumu v znalostnej ekonomike  |b bakalárska práca  |c Ivana Strajňaková ; školiteľ: Martina Balejová 
264 1 |a Bratislava  |c 2015 
300 |a 55 s. 
100 1 |a Strajňaková, Ivana 
700 1 |a Balejová, Martina, 1990- 
710 2 |a Fakulta medzinárodných vzťahov EU. Katedra medzinárodných ekonomických vzťahov a hospodárskej diplomacie